Music Quiz

Random Music or Kpop Quiz
Score 0/100 Timer 10:00
0 Plays Today
Hint Answer % Correct
9. OnBTS
97%
15. So WhatBTS
97%
19. We are Bulletproof : the EternalBTS
97%
23. FriendsBTS
97%
57. Black SwanBTS
97%
72. DionysusBTS
97%
79. HomeBTS
97%
1. 9 and Three QuartersTomorrow X Together
96.4%
3. CrownTomorrow X Together
96.4%
4. Angel or DevilTomorrow X Together
96.4%
8. New RulesTomorrow X Together
96.4%
18. Poppin' StarTomorrow X Together
96.4%
21. El DoradoEXO
96.4%
33. Blue OrangeadeTomorrow X Together
96.4%
38. DramaTomorrow X Together
96.4%
42. PumaTomorrow X Together
96.4%
54. Can't You See Me?Tomorrow X Together
96.4%
61. Dancing KingEXO
96.4%
67. Drop ThatEXO
96.4%
82. LottoEXO
96.4%
88. Into My WorldEXO
96.4%
6. Summer 127NCT 127
95.8%
65. Kick ItNCT 127
95.8%
2. AnswerATEEZ
95.2%
26. Dr. BebePentagon
95.2%
48. Top - Japanese Ver.-Stray kids
95.2%
49. ShinePentagon
95.2%
53. UtopiaATEEZ
95.2%
69. InceptionATEEZ
95.2%
71. Naughty BoyPentagon
95.2%
73. PreciousATEEZ
95.2%
75. BoosterStray Kids
95.2%
78. WonderlandATEEZ
95.2%
81. MirohStray Kids
95.2%
Hint Answer % Correct
85. School LifeStray Kids
95.2%
89. Victory SongStray Kids
95.2%
94. Good Lil BoyATEEZ
95.2%
100. THANXXATEEZ
95.2%
55. BossNCT U
94.5%
7. IslandWinner
93.9%
44. SOSOWinner
93.9%
58. Really ReallyWinner
93.9%
31. RevealThe Boyz
90.3%
40. Bloom BloomThe Boyz
90.3%
50. Blue FlameAstro
89.7%
47. Ice AgeMCND
88.5%
51. SpringMCND
88.5%
60. DiveIkon
87.3%
74. Like a CatAOA
86.7%
5. My PageNCT Dream
86.1%
22. Best FriendNCT Dream
86.1%
68. FirefliesNCT Dream
86.1%
10. SavageA.C.E
85.5%
83. Good EveningShinee
84.2%
46. MoonwalkWayv
83%
62. Into the I-LANDI-LAND
83%
43. BoyTreasure
81.8%
13. Break all the RulesCravity
80%
77. Cloud 9Cravity
80%
32. NumbCIX
78.8%
37. Black on BlackNCT 2018
78.2%
24. Lay BackVerivery
71.5%
66. Finesse*Bruno Mars
71.5%
20. MoondanceJeon Woong
67.3%
98. The AnswerAB6IX
67.3%
30. I Can't Stand The RainSuperM
62.4%
11. South of the Border*Ed Sheeran
60%
36. I Don't Care*Ed Sheeran
60%
Hint Answer % Correct
59. Rollin'Brave Girls
55.8%
87. Lucky Strike*Maroon 5
52.7%
27. sageOnlyOneOf
52.1%
41. angelOnlyOneOf
52.1%
34. GorgeousVAV
51.5%
39. Thank You*MKTO
46.7%
86. RocketSeventeen
46.7%
96. Classic*MKTO
46.7%
93. Where We Go*P!NK
46.1%
29. Grow Up - Danny Dove Remix*Olly Murs
45.5%
80. PageGot7
45.5%
90. Feels Great*Cheat Codes
45.5%
92. GoodGot7
45.5%
16. Like AlwaysX1
44.2%
64. Funkin Fun*Scotty Sire
44.2%
84. Royalty*Conor Maynard
44.2%
52. Good Time*Ocean Park Standoff
43.6%
56. Colour*MNEK
43.6%
14. Oh (Yes I Am)Loona
40.6%
45. NANANAImfact
38.2%
99. The LightImfact
38.2%
12. To My WorldProduce X 101
37%
97. Pretty GirlProduce X 101
37%
76. She BadMYTEEN
35.8%
28. Round and RoundSF9
30.9%
95. HeroOneus
29.1%
17. ShowCLC
27.3%
91. CheekyENOi
25.5%
63. We AreWoo
24.2%
25. Like a MagicUnder Nineteen
12.1%
35. We Are YoungUnder Nineteen
12.1%
70. I Like It TooMixnine
9.1%
Remove Ads.
Support Sporcle.
Get the best of Sporcle when you Go Orange. This ad-free experience offers more features, more stats, and more fun while also helping to support Sporcle. Thank you for becoming a member.

You're not logged in!

Compare scores with friends on all Sporcle quizzes.
OR
Log In

Show Comments

Extras

Created Dec 2, 2020ReportNominate
Tags:Kpop Quiz, Kpop Quiz, Pop

Top Quizzes Today


Score Distribution

Your Account Isn't Verified!

In order to create a playlist on Sporcle, you need to verify the email address you used during registration. Go to your Sporcle Settings to finish the process.

Report this User

Report this user for behavior that violates our Community Guidelines.

Details: